Estudios de estilística

Saved in:
Bibliographic Details
Main Author: Hatzfeld, Helmut Anthony (Author)
Format: Book
Language:Spanish
Published: Barcelona Planeta 1975
Series:Ensayos Planeta de Lingüística y Crítica Literaria, 30
Subjects:
Tags: Add Tag
No Tags, Be the first to tag this record!

MARC

LEADER 00000cam a2200000 a 4500
001 UCF7980
003 CL-VaPUC
008 130718e19750000SP |||||||||||||||||spa|d
020 |a 8432076309 
082 0 4 |a 801  |b HAT  |2 21 
100 |a Hatzfeld, Helmut Anthony  |e author  |9 374776 
245 1 0 |a Estudios de estilística 
300 |a 365 p 
942 |c BK 
945 |d 20130718 00:00:00  |a cmena 
260 |a Barcelona  |b Planeta  |c 1975 
650 0 |a Estilos literarios  |9 310538 
650 0 |a Filosofía de la literatura  |9 267374 
650 0 |a Lenguaje poético   |9 469339 
650 0 |a Historia de la literatura  |9 322206 
583 |a last modification  |c 20130718 10:54:00  |k Rodrigo Vera 
490 0 |a Ensayos Planeta de Lingüística y Crítica Literaria, 30 
999 |c 352686  |d 352684 
952 |0 0  |1 0  |4 0  |6 801_000000000000000_HAT_1975  |7 0  |8 A  |9 457291  |a BIBEDU  |b BIBEDU  |d 2019-11-22  |i 495761K  |o 801 HAT 1975  |p 495761K  |r 2019-11-22  |w 2019-11-22  |y BK  |k LIT